Top 10 des films preferées des francais - Statistiques

Statistiques générales
  • Ce quiz a été pris 68 fois
  • Le résultat moyen est 4 sur 10
Statistiques - réponses
Année de sortie Film % Correct
2011 Intouchables
57%
1966 La Grande Vadrouille
57%
2008 Bienvenue chez les Ch'tis
55%
1997 Titanic
49%
1993 Les Visiteurs
37%
1979 Les Bronzés font du ski
31%
1998 Le Diner de cons
29%
2002 Astérix et Obélix : Mission Cléopâtre
22%
1981 La Soupe aux choux
14%
2001 Le Fabuleux Destin d'Amélie Poulain
14%
Aucun quiz correspondant
Distribution des résultats
% des personnes avec chaque résultat
Percentile par nombre de réponses
Votre historique - résultats
Vous n’avez pas pris ce quiz